000 00299nam a22001337a 4500
008 170526b xxu||||| |||| 00| 0 eng d
020 _a9283310837
041 _aeng
080 _a62
100 _a25
101 _aIM
245 _aINTRODUCTION TO QUALITY ENGINEERING
_cTAGUCHI,G
942 _2udc
_cBK
999 _c14496
_d14496